书目信息 |
| 题名: |
多元视角下中国建筑业转变经济发展方式研究
|
|
| 作者: | 张静晓 著 | |
| 分册: | ||
| 出版信息: | 北京 中国建筑工业出版社 2018.01 |
|
| 页数: | 145页 | |
| 开本: | 26cm | |
| 丛书名: | ||
| 单 册: | ||
| 中图分类: | F426.9 | |
| 科图分类: | ||
| 主题词: | 建筑业--jian zhu ye--经济发展模式--研究--中国 | |
| 电子资源: | ||
| ISBN: | 978-7-112-21298-9 | |
| 000 | 01134nam0 2200265 450 | |
| 001 | 0100002188 | |
| 005 | 20190305110523.67 | |
| 010 | @a978-7-112-21298-9@dCNY30.00 | |
| 100 | @a20180111d2018 em y0chiy50 ea | |
| 101 | 0 | @achi |
| 102 | @aCN@b110000 | |
| 105 | @aak a 000yy | |
| 200 | 1 | @a多元视角下中国建筑业转变经济发展方式研究@Aduo yuan shi jiao xia zhong guo jian zhu ye zhuan bian jing ji fa zhan fang shi yan jiu@f张静晓著 |
| 210 | @a北京@c中国建筑工业出版社@d2018.01 | |
| 215 | @a145页@c图@d26cm | |
| 300 | @a2014年度陕西省社科基金后期资助项目 (基金号: 2014HQ10) | |
| 312 | @a英文题名取自封面 | |
| 320 | @a有书目 (第140-145页) | |
| 330 | @a本书主要内容包括: 中国建筑业转变经济发展方式内涵与途径、中国建筑业转变经济发展方式研究 —— 基于 产能过剩视角、中国建筑业转变经济发展方式 —— 基于企业环境和视角等。 | |
| 510 | 1 | @aResearch on the transformation of China's construction industry from economic perspective@zeng |
| 606 | 0 | @a建筑业@Ajian zhu ye@x经济发展模式@x研究@y中国 |
| 690 | @aF426.9@v5 | |
| 701 | 0 | @a张静晓@Azhang jing xiao@4著 |
| 801 | 0 | @aCN@c20180910 |
| 905 | @a河南城建学院图书馆@dF426.9@eZ127 | |
| 多元视角下中国建筑业转变经济发展方式研究/张静晓著.-北京:中国建筑工业出版社,2018.01 |
| 145页:图;26cm |
| 2014年度陕西省社科基金后期资助项目 (基金号: 2014HQ10) |
| ISBN 978-7-112-21298-9:CNY30.00 |
| 本书主要内容包括: 中国建筑业转变经济发展方式内涵与途径、中国建筑业转变经济发展方式研究 —— 基于 产能过剩视角、中国建筑业转变经济发展方式 —— 基于企业环境和视角等。 |
| ● |
| 相关链接 |
|
|
|
正题名:多元视角下中国建筑业转变经济发展方式研究
索取号:F426.9/Z127
 
预约/预借
| 序号 | 登录号 | 条形码 | 馆藏地/架位号 | 状态 | 备注 |
| 1 | 1304650 | 213046504 | 社科库409/409社科库 37排1列1层/ [索取号:F426.9/Z127] | 在馆 | |
| 2 | 1386402 | 213864022 | 社科库409/409社科库 37排1列1层/ [索取号:F426.9/Z127] | 在馆 | |
| 3 | 1386403 | 213864031 | 社科库409/409社科库 37排1列1层/ [索取号:F426.9/Z127] | 在馆 |